Matching Descriptions - Sudden Death - Statistics

General Stats
  • This quiz has been taken 336 times
    236 since last reset
  • The average score is 9 of 21
Answers on the Grid
Answers color-coded by a green-red scale on the quiz's grid according to % correct below.
Bolivia - Country
Belgrade - City
Shanghai - Capital
Trousers - Clothing
Guitar - Instrument
Apple - Animal
Eyrie - Nest
India - Continent
Morocco - Peninsula
Singapore - Isthmus
Zealand - Island
Washington - State
Gobi - Desert
Pluto - Planet
Fig - Fruit
JetPunk - Website
Nori - Seaweed
Amazon - Rainforest
Cheers - Movie
Emma - Book
Xavi - Footballer
iPad - Phone
Capybara - Rodent
Ohio - River
Skin - Organ
Picasso - Painter
Calf - Sheep
Scissors - Cutlery
Sombrero - Hat
Ant - Anteater
Aunt - Relative
Triangle - Shape
Meganium - Element
 
Answer Stats
Answer % Correct
Sombrero - Hat
62%
Aunt - Relative
57%
Guitar - Instrument
57%
Picasso - Painter
57%
Bolivia - Country
56%
Washington - State
54%
Amazon - Rainforest
53%
Gobi - Desert
52%
Fig - Fruit
51%
JetPunk - Website
51%
Triangle - Shape
50%
Trousers - Clothing
50%
Skin - Organ
49%
Belgrade - City
47%
Capybara - Rodent
38%
Nori - Seaweed
33%
Ohio - River
32%
Emma - Book
30%
Xavi - Footballer
28%
Zealand - Island
21%
Eyrie - Nest
17%
No matching quizzes found
Score Distribution
Percent of People with Each Score
Percentile by Number Answered
Your Score History
You have not taken this quiz since the last reset